| 000 | 00406nam a22001697a 4500 | ||
|---|---|---|---|
| 005 | 20160616112506.0 | ||
| 008 | 160616b xxu||||| |||| 00| 0 eng d | ||
| 020 | _a981-240-637-9 | ||
| 041 | _aeng | ||
| 082 | _b7938 | ||
| 100 |
_aKing, Nigel and Anderson Neil _92024 |
||
| 245 | _aManaging Innovation and Change | ||
| 260 |
_bThomson _c2003 |
||
| 300 | _a227 | ||
| 650 |
_aManagement _9241 |
||
| 942 | _cBK | ||
| 999 |
_c2907 _d2906 |
||